Maimonides, Medical Aphorisms, Hebrew Translation by Nathan ha-Meʾati /

The original Arabic text of Maimonides' major medical work, Medical Aphorisms, was critically edited and translated into English by Gerrit Bos in the years 2004-2017, and published in earlier volumes of the book series The Medical Works of Moses Maimonides. The present work is a new critical ed...

وصف كامل

محفوظ في:

المؤلف الرئيسي: Bos, Gerrit (مؤلف)

التنسيق: كتاب الكتروني

اللغة: English

منشور في: Leiden; Boston : BRILL, 2020.

سلاسل: The Medical Works of Moses Maimonides; 15.
Middle East and Islamic Studies E-Books Online, Collection 2020, ISBN: 9789004405868.

الموضوعات:

الوصول للمادة أونلاين: Login to view Source

الوسوم: إضافة وسم

لا توجد وسوم, كن أول من يضع وسما على هذه التسجيلة!

رقم الطلب: B721

LEADER 02668nam a22004451i 4500
001 BRILL9789004428171
003 nllekb
005 20211118222300.0
006 m d
007 cr un uuuua
008 200210s2020 ne sb 001 0 eng d
020 |a 9789004428171  |q (electronic book) 
020 |a 9789004428164  |q (print) 
024 7 |a 10.1163/9789004428171  |2 DOI 
035 |z (OCoLC)1135570157 
040 |a NL-LeKB  |c NL-LeKB  |e rda 
050 4 |a B721 
072 7 |a MB  |2 bicssc 
072 7 |a MED  |x 000000  |2 bisacsh 
082 0 4 |a 189  |2 23 
100 1 |a Bos, Gerrit,  |e author. 
245 1 0 |a Maimonides, Medical Aphorisms, Hebrew Translation by Nathan ha-Meʾati /  |c Gerrit Bos. 
264 1 |a Leiden;   |a Boston :  |b BRILL,  |c 2020. 
300 |a 1 online resource. 
336 |a text  |b txt  |2 rdacontent 
337 |a computer  |b c  |2 rdamedia 
338 |a online resource  |2 rdacarrier 
490 1 |a The Medical Works of Moses Maimonides;  |v 15 
490 1 |a Middle East and Islamic Studies E-Books Online, Collection 2020, ISBN: 9789004405868 
520 |a The original Arabic text of Maimonides' major medical work, Medical Aphorisms, was critically edited and translated into English by Gerrit Bos in the years 2004-2017, and published in earlier volumes of the book series The Medical Works of Moses Maimonides. The present work is a new critical edition of the medieval Hebrew translation by Nathan ha-Meʾati, who was active as a translator of scientific texts in Rome in the late thirteenth century, where his colleague Zeraḥyah Ḥen had completed a translation of the same Maimonidean text in 1277, only a few years earlier. Nathan aimed to provide the general reader with a translation that was easier to understand than Zeraḥyah's translation. The present critical edition of Nathan's translation is primarily based on MS Paris, BN, héb. 1174, and not on MS Paris, BN, héb. 1173, used by Suessmann Muntner for his edition in 1959, as this copy suffers from many mistakes and corruptions. 
588 |a Description based on print version record. 
650 0 |a Philosophy, Medieval. 
650 0 |a Philosophy, Ancient. 
776 0 8 |i Print version:  |t Maimonides, Medical Aphorisms, Hebrew Translation by Nathan ha-Meʾati,   |d Leiden Boston : BRILL, 2020  |w 9789004428164 
830 0 |a The Medical Works of Moses Maimonides;  |v 15. 
830 0 |a Middle East and Islamic Studies E-Books Online, Collection 2020, ISBN: 9789004405868. 
856 4 |z DOI:   |u http://dx.doi.org/10.1163/9789004428171 
942 |2 lcc  |c EBOOK 
952 |0 0  |1 0  |2 lcc  |4 0  |7 1  |9 23000  |a BRILL  |b BRILL  |d 2021-11-18  |l 0  |r 2021-11-18 00:00:00  |w 2021-11-18  |y EBOOK 
999 |c 40474  |d 40474